000 00426nam a2200181Ia 4500
001 13703
005 20260306164820.0
008 260306t2014||||xx |||||||||||||| ||spa||
041 _aESP
082 _a005.133
_bCH528
100 _aChaudhary, Harry H.
_eAUT
245 0 _aHead first c# programming
260 _c2014
300 _a248 páginas :
_c23 cm.
650 _aGEN
654 _aCCC
942 _cLIB
_dJUS
_fJUS
_2ddc
_n
999 _c13703
_d13703